000 00571nam a2200181 i 4500
001 105422
003 ES-MaACL
007 t|
008 060710s1948 xxu ||||1| eng d
080 _a327(460)"1939/55"
100 1 _aFeis, Herbert.
_949128
245 1 4 _aThe Spanish story
_b: Franco and the nations at war /
_cby Herbert Feis.
260 _aNew York :
_bAlfred A. Knopf,
_c1948.
300 _aX, 282, VI p. ;
_c22 cm.
500 _aBiblioteca Juan Andrade.
651 4 _aEspaña-
_xPolítica exterior-
_y1939-1955.
_98424
852 _aES-MaACL
_jAND-217
_bR.109537
999 _c105422
_d105422